プライドフィッシュに選定されている魚介類 - Statistics

General Stats
  • This quiz has been taken 113 times
  • The average score is 105 of 286
Answer Stats
都道府県 季節 地域名 Answer % Correct
伊勢 まぐろ
95%
十三湖産 ヤマトシジミ
75%
伊勢 えび
75%
瀬付き あじ
73%
ハマチ三兄弟
73%
厚岸の かき
72%
岩手の 秋さけ(いくら)
72%
茨城の しらす
72%
湘南 しらす
72%
静岡の しらす
72%
和歌山県産 しらす
72%
岡山 かき
72%
広島 かき
72%
太平洋沿岸の まつかわがれい
71%
越後の 柳カレイ
71%
いしかわの アカガレイ
71%
越前 がれい
71%
京都府 活〆京の あかがれい
71%
兵庫の 赤ガレイ
71%
香川県 讃岐 さーもん
71%
土佐の清水 さば
71%
ひら
69%
鳴門
69%
宮城県 みやぎ サーモン
68%
佐渡の 寒ブリ
68%
ふくい サーモン
68%
若狭の 寒ブリ
68%
紀州勝浦産 生まぐろ
68%
北海道の 時鮭
67%
青森 ひらめ
67%
岩手県 岩手の わかめ
67%
庄内浜の 秋サケ
67%
茨城の ひらめ
67%
富山湾の フクラギ
67%
富山湾の ブリ
67%
天然能登 寒ぶり
67%
三重県 三重の 天然ブリ
67%
京の 寒ぶり
67%
鳴門 わかめ
67%
愛育フィッシュ 戸島 一番ブリ
67%
定置獲れたて室戸 ブリ
67%
かぼす ブリ
67%
日南の かつお
67%
鹿児島県 かごしま一本釣り かつお
67%
若狭 ふぐ
64%
山口の まだこ
64%
びやびや かつお
64%
銚子の入梅 いわし
63%
佐島の 地ダコ
63%
大阪の マダコ
63%
明石 だこ
63%
三原 やっさタコ
63%
松山沖の マダコ
63%
長崎の養殖 クロマグロ
63%
沖縄美ら海 まぐろ「キハダマグロ」
63%
日本海・噴火湾の ほたて
61%
陸奥湾 ほたて
61%
浜名湖の あさり
61%
愛知県 あいち あさり
61%
広島手掘り あさり
61%
熊本県 熊本 あさり
61%
小名浜の 秋刀魚
60%
いしかわの 寒鱈
60%
香住 ガニ
60%
福井の さわら
59%
岡山県 朝干の さわら
59%
玄界灘の さわら
59%
沖縄美ら海 まぐろ「メバチマグロ」
59%
沖縄美ら海 まぐろ「ビンチョウマグロ(トンボ)」
59%
香川県産 いりこ
57%
徳島県 阿波とくしまの ちりめん
56%
豊後別府湾 ちりめん
56%
宮崎 ちりめん
56%
石狩湾の ニシン
55%
富山湾の ホタルイカ
55%
福井県 福井の ホタルイカ
55%
愛知の ウナギ
55%
大阪の イワシシラス
55%
浜坂産 ホタルイカ「浜ほたる」
55%
淡路島の 生しらす
55%
高知春野の 『どろめ』
55%
深浦 マグロ
53%
富山県 富山湾の マイワシ
53%
宇佐の一本釣り ウルメ
53%
宮崎県 宮崎近海 生マグロ
53%
船橋の瞬〆 スズキ
52%
愛知の スズキ
52%
大阪の スズキ
52%
夏バネ(スズキ)
52%
茨城 あんこう
51%
伊豆の さざえ
51%
大阪の マイワシ
51%
岩手の あわび
49%
鹿島灘 はまぐり
49%
茨城の あわび
49%
神奈川県 湘南 はまぐり
49%
伊勢 まだい
49%
千葉のつり きんめ
48%
庄内 寒平目
47%
愛知の シラス
47%
魚庭の アカシタ(イヌノシタ)
47%
唐津の 赤うに(アカウニ)
47%
大分県 かぼす ヒラメ
47%
高知県 土佐さが日戻り
45%
長崎県 真あじ(ごんあじ・野母んあじ)
45%
表浜 アナゴ
44%
小柴の アナゴ
44%
京の ずわいがに
44%
大阪府 大阪の マアナゴ
44%
岡山の アナゴ
44%
福島県 小名浜の カツオ
43%
初カツオ
43%
房総沖の マカジキ
43%
静岡県 駿河湾 さくらえび
43%
紅富士(ニジマス)
43%
和歌山県 ケンケン釣り カツオ
43%
流瀬の かつお(まながつお)
43%
広島の 小イワシ
43%
一本槍(ケンサキイカ・ヤリイカ)
43%
秋太郎(バショウカジキ)
43%
松輪 サバ
40%
兵庫 のり
40%
唐津Q サバ
40%
熊本 のり
40%
小田原の アジ
39%
仁科の ヤリイカ
39%
大阪の マルアジ
39%
e- かんぱち
39%
秋田 ハタハタ
37%
波乗り
37%
37%
兵庫の ハタハタ
37%
銀鱗の 太刀
37%
鳥取県 鳥取の ハタハタ
37%
沖縄県産 車海老
37%
千葉の ハマグリ
35%
仁科の 真イカ
35%
隠岐 松葉ガニ
35%
川口産 大和蛤
35%
酒田 船凍イカ
33%
千葉の イセエビ
33%
富山湾の スルメイカ(花見イカ)
33%
いしかわの 生スルメイカ
33%
和歌山県産 イセエビ
33%
島根県 あご
33%
宮崎 イセエビ
33%
庄内おばこ サワラ
32%
千葉の アワビ
32%
八丈島 春とび
32%
いしかわの サワラ
32%
加能 ガニ
32%
福井の トビウオ
32%
越前 ガニ
32%
三重の 海女獲りあわび
32%
魚庭の サワラ
32%
淡路島の サワラ
32%
鳥取の サワラ
32%
山口の のどぐろ
32%
讃岐の サワラ
32%
県南の アワビ類
32%
トッピ―(トビウオ)
32%
みやぎの ワカメ
31%
横須賀市東部漁協の ワカメ
31%
伊豆の 地きんめ
31%
滋賀県 コアユ
31%
土佐沖どれ キンメダイ
31%
北海道太平洋沿岸の ししゃも
29%
フナ
29%
筑前海の 真かき
29%
苫小牧の ほっき
28%
日本海の 甘えび
28%
にかほ 本ずわい
28%
越後 本ズワイ
28%
富山湾の 紅ズワイガニ
28%
いしかわの 紅ズワイ
28%
いしかわの 甘えび
28%
ふくい 甘えび
28%
播磨灘産1年 牡蠣
28%
松葉がに(ズワイガニ)
28%
みやぎの 殻付カキ
27%
秋田県 北限の とらふぐ
27%
あおさのり
27%
とらふぐ
27%
山形県 庄内浜 もずく
24%
江戸前千葉 海苔
24%
小田原の イシダイ
24%
新潟の ノドグロ(アカムツ)
24%
いしかわの ノドグロ
24%
ノドグロ(アカムツ)
24%
チヌ(クロダイ)
24%
愛知 ノリ
23%
伊勢 あさくさ海苔®
23%
明石浦の もみじ鯛
23%
ほんに良い味岡山 海苔
23%
広島県 広島 桜ダイ
23%
“初摘み”香川県産 ノリ
23%
とくしまの クロノリ
23%
とくしまの スジアオノリ
23%
福岡有明 のり(有明海産 一番摘み)
23%
佐賀県 玄界灘の 桜鯛(マダイ)
23%
佐賀 海苔®有明海一番
23%
青森県 津軽海峡 メバル
21%
紅えび
21%
南蛮エビ
21%
石川県 いしかわの 柳八目
21%
いしかわの マダイ
21%
大阪の マダイ
21%
愛媛県 愛育フィッシュ 愛鯛
21%
福岡県 筑前海の天然 マダイ
21%
ホヤ(マボヤ)
20%
平塚の シイラ
20%
福井の シイラ
20%
若狭の アオリイカ
20%
愛知の トラフグ
20%
茅渟の海の クロダイ
20%
下津井の とらふぐ(おおぶく)白子持ち
20%
広島 銀太刀
20%
阿波とくしまの アオリイカ
20%
釣り タチウオ
20%
長崎 とらふぐ(養殖トラフグ)
20%
マヒマヒ(シイラ)
20%
銀たち「くにさき銀たち」「臼杵たちうお」
20%
江ノ島 カマス(アカカマス)
19%
富山湾の カマス
19%
西京 はも
19%
とくしまの はも
19%
青森の モズク
17%
沖縄県 沖縄 モズク
17%
小樽・石狩の しゃこ
16%
ケンサキイカ
16%
呼子の イカ(ケンサキイカ)
16%
大分 ヒラマサ
16%
茨城常磐の まさば
15%
山口の あまだい
15%
長崎の イサキ
15%
若狭 ぐじ
13%
丹後 ぐじ
13%
コビル(アカアマダイ)
13%
千葉県 東京湾の ホンビノス貝
11%
兵庫 瀬戸内の
11%
沖縄 海ぶどう(クビレズタ)
11%
青森の ホッキガイ(ウバガイ)
8%
銚子沖の ホウボウ
8%
富山湾の シロエビ
8%
いしかわの 岩ガキ
8%
ままかり(さっぱ)
8%
落ち ハモ
8%
東京都 東京(大島)の トコブシ
7%
富山湾の バイ貝(ツバイ、オオエッチュウバイ)
7%
メヒカリ
5%
富山湾の イワガキ
5%
愛知の ガザミ
5%
丹後の海育成 岩がき
5%
岸和田祭りの わたりがに(ガザミ)
5%
夏輝(天然の岩ガキ)
5%
わたりがに(がざみ)
5%
広島の ワタリガニ
5%
燧灘の ガザミ
5%
宮崎 メヒカリ(アオメエソ)
5%
キビナゴ
5%
茨城県 茨城の こうなご
4%
ビワマス
4%
丹後 とり貝
4%
げた(舌平目)
4%
山口県 萩の まふぐ
4%
北海道 日高の 真つぶ
3%
新潟県 佐渡の ナガモ(アカモク)
3%
富山湾の ウマヅラハギ
3%
愛知の コウナゴ
3%
メンボ(ウマヅラハギ)
3%
せーいか(ソデイカ)
3%
函館の ごっこ(ホテイウオ)
1%
富山湾の ゲンゲ
1%
三重の 養殖マハタ
1%
大阪の イカナゴ
1%
兵庫県 兵庫県瀬戸内海の イカナゴ
1%
来島海峡の アコウ(キジハタ)
1%
愛育フィッシュ マハタ
1%
タルメ(メダイ)
1%
稚内・留萌の 銀杏草
0%
陸前高田の エゾイシカゲ貝
0%
駿河湾の 本えび
0%
分限者の エビ・よしえび(おおぞうえび)
0%
とくしまの ボウゼ
0%
阿波とくしまの アシアカエビ
0%
カナトフグ(シロサバフグ)
0%
No matching quizzes found
Score Distribution
Percent of People with Each Score
Percentile by Number Answered
Your Score History
You have not taken this quiz